000 00826cam a22002777a 4500
003 CHAP
005 20220329141400.0
008 971013s1975 r 00010 d
010 _a67325
011 _a68297
035 _a77769
040 _cCHAP
082 _a574.5
_bC3
100 0 0 _aCaldwell, Lynton K.
_917454
245 0 _aMan and his policy and administration
260 _aNew York :
_bHarper and Row,
_c1975
300 _a171 p.
590 _aBATCH-UPD
_b10
_c20130110
_lUCH01
_h0605
590 _aBATCH-UPD
_b10
_c20130410
_lUCH01
_h0246
590 _aBATCH-UPD
_b10
_c20130914
_lUCH01
_h0817
590 _aCONVERSION
_b10
_c20130109
_lUCH01
_h1337
650 1 4 _aMedio ambiente
_xProtección
_xE.U.A.
_974109
901 _aBK
942 _cLIBRO
949 _a574.5 C3
_bBC
_cLIBRO
_d33724000401154
_eLIBRO
_h54035
_i77769
_si
999 _c67325
_d67325